[Event "DOM-ch"]
[Site "Santo Domingo"]
[Date "2022.02.19"]
[Round "3"]
[White "Gonzalez Alejo, Wily Gilberto"]
[Black "Sanchez Castillo, Jose Rafael"]
[Result "0-1"]
[WhiteElo "1856"]
[BlackElo "2103"]
[PlyCount "52"]
[EventDate "2022.02.18"]
[EventType "swiss"]
[EventRounds "11"]
[EventCountry "DOM"]
[SourceTitle "EXT 2023"]
[Source "ChessBase"]
[SourceDate "2022.10.05"]
[SourceVersion "1"]
[SourceVersionDate "2022.10.05"]
[SourceQuality "1"]

1. e4 e5 2. d4 exd4 3. Bc4 Nf6 4. e5 d5 5. Bb5+ Bd7 6. Bxd7+ Nfxd7 7. Qxd4 Nc6 8. Qxd5 Ndxe5 9. Qe4 Qd4 10. Nd2 Qxe4+ 11. Nxe4 Nd4 12. Kd1 0-0-0 13. Nd2 Bc5 14. c3 Ndc6 15. Nh3 Ng4 16. Kc2 Rhe8 17. b4 Bxf2 18. Rf1 Ne3+ 19. Kb3 Nxf1 20. Nxf1 Re1 21. Nxf2 Rxf1 22. Nh3 Rdd1 23. Kc2 Ne5 24. Bf4 Rxa1 25. Bxe5 f6 26. Bg3 Rxa2+ 0-1

[Event "Santo Domingo De La Madre op"]
[Site "Santo Domingo"]
[Date "2018.05.18"]
[Round "1"]
[White "Ramirez Luzon, Franchesca"]
[Black "Gonzalez Alejo, Wily Gilberto"]
[Result "0-1"]
[WhiteElo "1472"]
[BlackElo "1904"]
[PlyCount "58"]
[EventDate "2018.05.18"]
[EventType "swiss"]
[EventRounds "8"]
[EventCountry "DOM"]
[SourceTitle "CBM 184 Extra"]
[Source "ChessBase"]
[SourceDate "2018.06.28"]
[SourceVersion "1"]
[SourceVersionDate "2018.06.28"]
[SourceQuality "1"]

1. e4 c6 2. d4 d5 3. Nc3 dxe4 4. Nxe4 Nf6 5. Nxf6+ exf6 6. Bc4 Qe7+ 7. Qe2 Be6 8. Bd3 Nd7 9. Nf3 0-0-0 10. 0-0 g5 11. Re1 Qd6 12. c3 h5 13. Nd2 Bg4 14. Ne4 Qc7 15. Qc2 Bd6 16. Nxd6+ Qxd6 17. Bf5 Qd5 18. Bxg4 hxg4 19. Qe4 Qd6 20. g3 Rh3 21. Qxg4 Rdh8 22. Re8+ Rxe8 23. Qxh3 Re1+ 24. Kg2 Qd5+ 25. f3 Re2+ 26. Kg1 Qxf3 27. Qf1 Qe4 28. Qh3 Re1+ 29. Kf2 Qe2# 0-1

[Event "Santo Domingo op11"]
[Site "Santo Domingo"]
[Date "2017.11.24"]
[Round "5"]
[White "Mendez, Ruddy Antonio"]
[Black "Gonzalez Alejo, Wily Gilberto"]
[Result "1-0"]
[WhiteElo "2113"]
[BlackElo "1892"]
[PlyCount "51"]
[EventDate "2017.11.17"]
[EventType "swiss"]
[EventRounds "8"]
[EventCountry "DOM"]
[SourceTitle "CBM 181 Extra"]
[Source "ChessBase"]
[SourceDate "2017.12.12"]
[SourceVersion "1"]
[SourceVersionDate "2017.12.12"]
[SourceQuality "1"]

1. e4 c6 2. d4 d5 3. Nc3 dxe4 4. Nxe4 Nf6 5. Ng3 e5 6. Nf3 exd4 7. Nxd4 Bc5 8. c3 Bxd4 9. cxd4 0-0 10. Be2 Qd6 11. 0-0 Nd5 12. Bd3 Be6 13. Ne4 Qc7 14. Qh5 g6 15. Qh4 f6 16. Bh6 Rf7 17. Nc5 Bd7 18. Rae1 b6 19. Ne4 a5 20. Bc4 Na6 21. Nxf6+ Kh8 22. Nxd5 cxd5 23. Bxd5 Bc6 24. Bxf7 Qxf7 25. Re7 Qf5 26. d5 1-0

[Event "DOM-chT"]
[Site "Santiago de los Caballeros"]
[Date "2017.08.18"]
[Round "3.3"]
[White "Marrero Garcia, Lendry Ismael"]
[Black "Gonzalez Alejo, Wily Gilberto"]
[Result "0-1"]
[WhiteElo "1677"]
[BlackElo "1863"]
[PlyCount "90"]
[EventDate "2017.08.17"]
[EventType "team-swiss"]
[EventRounds "6"]
[EventCountry "DOM"]
[SourceTitle "EXT 2019"]
[Source "ChessBase"]
[SourceDate "2018.10.10"]
[SourceVersion "1"]
[SourceVersionDate "2018.10.10"]
[SourceQuality "1"]
[WhiteTeam "Santiago de los Caballeros II"]
[BlackTeam "Santiago Rodriguez"]
[WhiteTeamCountry "DOM"]
[BlackTeamCountry "DOM"]

1. e4 c6 2. d4 d5 3. exd5 cxd5 4. Bd3 Nc6 5. c3 Nf6 6. Nf3 Bg4 7. 0-0 e6 8. Bg5 Be7 9. Nbd2 Bh5 10. Re1 0-0 11. Nf1 Rc8 12. Ng3 Bg6 13. Bxg6 hxg6 14. Bf4 b5 15. a3 a5 16. Qd3 Qb6 17. h3 Ra8 18. Ng5 Rfc8 19. h4 b4 20. axb4 axb4 21. h5 Nxh5 22. Nxh5 Bxg5 23. Bxg5 gxh5 24. Qh3 bxc3 25. bxc3 Rxa1 26. Rxa1 Qb2 27. Re1 Re8 28. Qxh5 Ne7 29. Rxe6 g6 30. Qh6 fxe6 31. Bf6 Nf5 32. Qxg6+ Kf8 33. g4 Qb1+ 34. Kh2 Qf1 35. gxf5 Qxf2+ 36. Kh3 Qxf5+ 37. Qxf5 exf5 38. Kh4 Kf7 39. Kg5 Re3 40. Kxf5 Rf3+ 41. Ke5 Rxf6 42. Kxd5 Ke7 43. c4 Kd7 44. c5 Rh6 45. Kc4 Rh1 0-1

[Event "DOM-chT"]
[Site "Santiago de los Caballeros"]
[Date "2017.08.17"]
[Round "1.3"]
[White "Acevedo Vargas, Julio"]
[Black "Gonzalez Alejo, Wily Gilberto"]
[Result "0-1"]
[WhiteElo "1953"]
[BlackElo "1863"]
[PlyCount "95"]
[EventDate "2017.08.17"]
[EventType "team-swiss"]
[EventRounds "6"]
[EventCountry "DOM"]
[SourceTitle "EXT 2019"]
[Source "ChessBase"]
[SourceDate "2018.10.10"]
[SourceVersion "1"]
[SourceVersionDate "2018.10.10"]
[SourceQuality "1"]
[WhiteTeam "El Seibo"]
[BlackTeam "Santiago Rodriguez"]
[WhiteTeamCountry "DOM"]
[BlackTeamCountry "DOM"]

1. c4 e6 2. g3 d5 3. Bg2 Nf6 4. Nf3 Be7 5. 0-0 0-0 6. d4 b6 7. Nc3 Bb7 8. b3 dxc4 9. bxc4 Nbd7 10. Qc2 c5 11. Rd1 cxd4 12. Rxd4 Qc8 13. Bb2 Rd8 14. Rad1 Nf8 15. Rxd8 Bxd8 16. Nb5 Be4 17. Qb3 Be7 18. Be5 Qb7 19. Nd6 Bxd6 20. Rxd6 Ne8 21. Rd2 Nd7 22. Ba1 Nc5 23. Qd1 Rc8 24. Bf1 h6 25. Ne5 Nf6 26. f3 Bc6 27. Rd8+ Be8 28. Rd4 Qc7 29. Ng4 Ncd7 30. Qd2 e5 31. Nxh6+ Kf8 32. Rh4 gxh6 33. Qxh6+ Ke7 34. Bb2 Qc5+ 35. Kg2 Rc6 36. Qc1 Kd8 37. Ba3 Qa5 38. Kf2 b5 39. Qb2 bxc4 40. Bb4 Qb6+ 41. e3 c3 42. Qa3 c2 43. Rc4 Rxc4 44. Bxc4 Qxb4 45. Qxb4 c1Q 46. Qa5+ Nb6 47. Be2 Qc7 48. Qb4 0-1

[Event "Santo Domingo U2000 op"]
[Site "Santo Domingo"]
[Date "2017.06.10"]
[Round "6"]
[White "Gonzalez Alejo, Wily Gilberto"]
[Black "Valoy Castillo, Porfirio"]
[Result "0-1"]
[WhiteElo "1864"]
[BlackElo "1939"]
[PlyCount "94"]
[EventDate "2017.06.02"]
[EventType "swiss"]
[EventRounds "8"]
[EventCountry "DOM"]
[SourceTitle "CBM 178 Extra"]
[Source "ChessBase"]
[SourceDate "2017.06.22"]
[SourceVersion "1"]
[SourceVersionDate "2017.06.22"]
[SourceQuality "1"]

1. e4 c5 2. f4 g6 3. Nf3 Bg7 4. Bc4 a6 5. a4 e6 6. 0-0 Ne7 7. Nc3 d5 8. exd5 exd5 9. Be2 Nbc6 10. Kh1 0-0 11. Rb1 Bf5 12. Nh4 Be6 13. Nf3 Nd4 14. d3 Rc8 15. Ng5 Bd7 16. Bd2 Bc6 17. Bg4 f5 18. Bf3 h6 19. Nh3 Nxf3 20. gxf3 d4 21. Ne2 Bxa4 22. Ra1 Bc6 23. Ng3 Nd5 24. Rg1 Qh4 25. Qf1 Rce8 26. Re1 Rxe1 27. Bxe1 Qf6 28. Bd2 Re8 29. Qg2 Ne3 30. Bxe3 Rxe3 31. Rf1 Qe6 32. Ng1 Kh7 33. Qf2 Bf6 34. Kg2 Bh4 35. Qd2 g5 36. fxg5 hxg5 37. h3 Bxg3 38. Kxg3 g4 39. hxg4 Qd6+ 40. Kg2 fxg4 41. Rf2 Bxf3+ 42. Kf1 Qg3 43. b4 b6 44. bxc5 bxc5 45. c3 Kg8 46. Qa2+ Kg7 47. Qxa6 Bg2+ 0-1

[Event "Santo Domingo Autumn op"]
[Site "Santo Domingo"]
[Date "2016.10.07"]
[Round "7"]
[White "Taveras Veras, Felix Miguel"]
[Black "Gonzalez Alejo, Wily Gilberto"]
[Result "0-1"]
[WhiteElo "1599"]
[BlackElo "1874"]
[PlyCount "74"]
[EventDate "2016.10.07"]
[EventType "swiss"]
[EventRounds "8"]
[EventCountry "DOM"]
[SourceTitle "CBM 175 Extra"]
[Source "ChessBase"]
[SourceDate "2016.12.12"]
[SourceVersion "1"]
[SourceVersionDate "2016.12.12"]
[SourceQuality "1"]

1. d4 Nf6 2. Bf4 e6 3. a3 b6 4. Nc3 Nh5 5. e3 Nxf4 6. exf4 Bb7 7. Nf3 g6 8. Bd3 Bg7 9. Ne4 Nc6 10. c3 Ne7 11. Qe2 Nd5 12. g3 Qe7 13. 0-0 a5 14. Rfe1 0-0 15. Ned2 Rfe8 16. Be4 Ra7 17. c4 Nf6 18. Bxb7 Rxb7 19. Ne5 Ra7 20. Ne4 Raa8 21. Rad1 d6 22. Nxf6+ Bxf6 23. Ng4 Bg7 24. h4 a4 25. d5 Qd7 26. Ne3 exd5 27. Rxd5 Re4 28. Qc2 Rae8 29. b3 Bd4 30. Qd3 c5 31. bxa4 Qh3 32. Rxd6 Bxe3 33. Rxe3 Rxe3 34. fxe3 Qxg3+ 35. Kf1 Qf3+ 36. Kg1 Rxe3 37. Qf1 Qg3+ 0-1

[Event "Santo Domingo Gesta Catorce op"]
[Site "Santo Domingo"]
[Date "2016.07.02"]
[Round "7"]
[White "Gonzalez Alejo, Wily Gilberto"]
[Black "Araujo Sanchez, Josue"]
[Result "1-0"]
[WhiteElo "1831"]
[BlackElo "1772"]
[PlyCount "65"]
[EventDate "2016.06.24"]
[EventType "swiss"]
[EventRounds "8"]
[EventCountry "DOM"]
[SourceTitle "EXT 2017"]
[Source "ChessBase"]
[SourceDate "2016.10.25"]
[SourceVersion "1"]
[SourceVersionDate "2016.10.25"]
[SourceQuality "1"]

1. e4 d6 2. d4 Nf6 3. Bd3 g6 4. f4 Bg7 5. e5 Nd5 6. Nf3 e6 7. 0-0 0-0 8. Be4 Nb6 9. c3 d5 10. Bd3 N8d7 11. Be3 a5 12. Na3 Qe7 13. Kh1 c5 14. Nb5 Rd8 15. g4 Nc4 16. Bxc4 dxc4 17. f5 exf5 18. gxf5 Nxe5 19. Bg5 f6 20. Nxe5 fxg5 21. Qe2 Bxe5 22. Qxc4+ Kg7 23. Rae1 Bxf5 24. Rxe5 Qxe5 25. dxe5 Bd3 26. Qf7+ Kh6 27. Nc7 Be4+ 28. Kg1 Rac8 29. Ne6 Rd2 30. Rf3 Rd1+ 31. Kf2 Bxf3 32. Qxf3 Rd2+ 33. Kg1 1-0

[Event "Santo Domingo U2080 op"]
[Site "Santo Domingo"]
[Date "2016.06.14"]
[Round "8"]
[White "Mendez, Ruddy Antonio"]
[Black "Gonzalez Alejo, Wily Gilberto"]
[Result "1-0"]
[WhiteElo "2019"]
[BlackElo "1831"]
[PlyCount "71"]
[EventDate "2016.06.10"]
[EventType "swiss"]
[EventRounds "8"]
[EventCountry "DOM"]
[SourceTitle "CBM 172 Extra"]
[Source "ChessBase"]
[SourceDate "2016.06.21"]
[SourceVersion "1"]
[SourceVersionDate "2016.06.21"]
[SourceQuality "1"]

1. d4 Nf6 2. Nf3 d5 3. c4 c6 4. Nc3 a6 5. cxd5 Nxd5 6. e4 Nf6 7. Qb3 Qc7 8. Bc4 e6 9. a4 b5 10. axb5 Bb7 11. bxa6 Bxa6 12. Bxa6 Rxa6 13. Rxa6 Nxa6 14. Qa4 Nb8 15. 0-0 Be7 16. Bg5 0-0 17. e5 Nd5 18. Nxd5 cxd5 19. Rc1 Qd8 20. Bxe7 Qxe7 21. b4 Qb7 22. b5 h6 23. h3 Qb6 24. Nd2 f6 25. exf6 Rxf6 26. Nf3 Rf7 27. Ne5 Rc7 28. Rxc7 Qxc7 29. g3 Qb7 30. Qa5 Kh7 31. Nd3 Nd7 32. Nc5 Qc8 33. Qa7 Nxc5 34. dxc5 d4 35. c6 e5 36. Qd7 1-0

[Event "Santo Domingo op U2100 2nd"]
[Site "Santo Domingo"]
[Date "2015.06.29"]
[Round "8.15"]
[White "Barrias Aquino, Tomas"]
[Black "Gonzalez Alejo, Wily Gilberto"]
[Result "0-1"]
[WhiteElo "1767"]
[BlackElo "1860"]
[PlyCount "98"]
[EventDate "2015.06.19"]
[EventType "swiss"]
[EventRounds "8"]
[EventCountry "DOM"]
[SourceTitle "EXT 2017"]
[Source "ChessBase"]
[SourceDate "2016.10.25"]
[SourceVersion "1"]
[SourceVersionDate "2016.10.25"]
[SourceQuality "1"]

1. e4 c6 2. Nf3 d5 3. e5 Bg4 4. d4 e6 5. Nbd2 c5 6. Bb5+ Nc6 7. Bxc6+ bxc6 8. dxc5 Bxc5 9. Qe2 Ne7 10. Nb3 Bb6 11. Be3 0-0 12. h3 Bh5 13. g4 Bg6 14. Nh4 Be4 15. f3 Bxe3 16. fxe4 d4 17. Ng2 Ng6 18. Nxe3 dxe3 19. Qxe3 Nxe5 20. Nd2 Qa5 21. 0-0-0 Qxa2 22. Nb1 Rab8 23. Qc3 Rb5 24. g5 Rfb8 25. b3 a5 26. Rd4 f6 27. h4 c5 28. Ra4 Qxa4 29. bxa4 Rxb1+ 30. Kd2 Rxh1 31. Qxc5 Rd8+ 32. Kc3 Rd3+ 33. Kb2 Rd7 34. Qc8+ Kf7 35. gxf6 gxf6 36. Qc3 Rxh4 37. Ka2 Rxe4 38. Qxa5 Rdd4 39. Qc7+ Kg6 40. a5 Rc4 41. Qb7 Rxc2+ 42. Kb3 Ree2 43. Qa8 Rb2+ 44. Kc3 Rec2+ 45. Kd4 Kf5 46. Qe4+ Kg5 47. Qe3+ Kg6 48. Qg3+ Kf7 49. Qa3 Rb4+ 0-1

[Event "Santo Domingo op U2100 2nd"]
[Site "Santo Domingo"]
[Date "2015.06.28"]
[Round "7"]
[White "Gonzalez Alejo, Wily Gilberto"]
[Black "Velez Espiritusantos, Brunildo E"]
[Result "0-1"]
[WhiteElo "1860"]
[BlackElo "2032"]
[PlyCount "66"]
[EventDate "2015.06.19"]
[EventType "swiss"]
[EventRounds "8"]
[EventCountry "DOM"]
[SourceTitle "CBM 167 Extra"]
[Source "ChessBase"]
[SourceDate "2015.09.14"]
[SourceVersion "1"]
[SourceVersionDate "2015.09.14"]
[SourceQuality "1"]

1. e4 c6 2. d4 d5 3. exd5 cxd5 4. Bd3 Nc6 5. c3 Nf6 6. Bf4 Qb6 7. Qb3 Qxb3 8. axb3 e6 9. Nf3 Be7 10. Na3 0-0 11. Nc2 Bd7 12. b4 a6 13. Kd2 Ne4+ 14. Bxe4 dxe4 15. Ne5 Nxe5 16. Bxe5 Bc6 17. h4 f6 18. Bf4 Rad8 19. Ke1 h6 20. h5 Bb5 21. Rh3 Rd7 22. Rg3 Kh7 23. Re3 Bd3 24. Kd2 e5 25. Bg3 exd4 26. Nxd4 Rxd4 27. cxd4 Bxb4+ 28. Kd1 Rd8 29. f3 Rxd4 30. fxe4 Bxe4+ 31. Ke2 Rd2+ 32. Kf1 Bxg2+ 33. Kg1 Bd5 0-1

[Event "Santo Domingo op U2100 2nd"]
[Site "Santo Domingo"]
[Date "2015.06.20"]
[Round "2"]
[White "Gonzalez Alejo, Wily Gilberto"]
[Black "Steel Stephen, Daniel Alberto"]
[Result "1/2-1/2"]
[WhiteElo "1860"]
[BlackElo "1995"]
[PlyCount "30"]
[EventDate "2015.06.19"]
[EventType "swiss"]
[EventRounds "8"]
[EventCountry "DOM"]
[SourceTitle "CBM 167 Extra"]
[Source "ChessBase"]
[SourceDate "2015.09.14"]
[SourceVersion "1"]
[SourceVersionDate "2015.09.14"]
[SourceQuality "1"]

1. e4 c5 2. f4 Nc6 3. Nf3 d6 4. Bc4 e6 5. 0-0 Qc7 6. c3 Nf6 7. Qe2 Be7 8. Na3 a6 9. d4 cxd4 10. cxd4 b5 11. Bd3 Qb6 12. Kh1 Bb7 13. Be3 Qd8 14. Rac1 Nb4 15. Bxb5+ Kf8 1/2-1/2